000 00704cam a22002413a 4500
001 13494
003 PGUSA
005 20140828083305.0
008 040918s2004||||xxu|||||s|||||000 | eng d
040 _aPGUSA
_beng
042 _adc
050 4 _aPS
100 1 _aPhillips, Henry Wallace,
_d1869-1930
245 1 0 _aFables For The Times
_h[electronic resource] /
_cHenry Wallace Phillips
260 _bProject Gutenberg,
_c2004
506 _aPublic domain in the USA.
516 _aElectronic text
653 _aFables, American
700 1 _aSullivant, T. S.
_q(Thomas Starling),
_d1854-1926
830 0 _aProject Gutenberg
_v13494
856 4 0 _uhttp://www.gutenberg.org/ebooks/13494
942 _cEB
999 _c242749
_d242749